MARC
| LEADER | 00000cam a2200000 7i4500 | ||
|---|---|---|---|
| 001 | 0000002161 | ||
| 005 | 20030313.0 | ||
| 020 | 0 | 0 | |a 9679425983 |
| 090 | 0 | 0 | |a 523.1 |b MAZ (2002) |
| 100 | 0 | 0 | |a MAZLAN Othman |
| 245 | 1 | 0 | |a Habitat infinity : |b the cosmic habitable zone |c Mazlan Othman |
| 260 | 0 | 0 | |a Bangi, Selangor : |b LESTARI , |c (2002) |
| 300 | |a ii, 51 p. : |b col. ill. ; |c 23 cm. | ||
| 440 | 0 | 0 | |a LESTARI public lecture |
| 650 | 0 | 0 | |a Astronomy |
| 650 | 0 | 0 | |a Cosmology |
| 650 | 0 | 0 | |a Earth |
| 650 | 0 | 0 | |a Galaxies |
| 998 | |a JPSM | ||
| 999 | |a 0000003611 |b Monograph |c Open Shelf |e Default branch | ||